[Event "World Youth & Cadets Rapid Championships"]
[Site "Rhodes, Greece"]
[Date "2022.05.01"]
[Round "5.32"]
[White "Nurgali, Nazerke"]
[Black "Katter, Katharina"]
[Result "1-0"]
[TimeControl "10'/game & 5\"/move"]
[WhiteElo "2056"]
[BlackElo "1761"]

1. d4 {[%clk 00:10:09]} Nf6 {[%clk 00:10:09]} {[%emt 00:00:02]} 2. Nf3 {[%clk
00:10:11]} {[%emt 00:00:02]} g6 {[%clk 00:10:12]} {[%emt 00:00:02]} 3. c4
{[%clk 00:10:14]} {[%emt 00:00:02]} Bg7 {[%clk 00:10:15]} {[%emt 00:00:02]} 4.
Nc3 {[%clk 00:10:17]} {[%emt 00:00:02]} d6 {[%clk 00:10:18]} {[%emt 00:00:02]}
5. e4 {[%clk 00:10:19]} {[%emt 00:00:03]} O-O {[%clk 00:10:19]} {[%emt
00:00:04]} 6. Be2 {[%clk 00:10:21]} {[%emt 00:00:02]} e5 {[%clk 00:10:21]}
{[%emt 00:00:03]} 7. dxe5 {[%clk 00:10:24]} {[%emt 00:00:03]} dxe5 {[%clk
00:10:22]} {[%emt 00:00:04]} 8. Qxd8 {[%clk 00:10:27]} {[%emt 00:00:02]} Rxd8
{[%clk 00:10:23]} {[%emt 00:00:03]} 9. Bg5 {[%clk 00:10:29]} {[%emt 00:00:03]}
Re8 {[%clk 00:10:05]} {[%emt 00:00:24]} 10. O-O {[%clk 00:10:28]} {[%emt
00:00:06]} c6 {[%clk 00:09:09]} {[%emt 00:01:01]} 11. Rfd1 {[%clk 00:10:19]}
{[%emt 00:00:14]} h6 {[%clk 00:08:33]} {[%emt 00:00:41]} 12. Bh4 {[%clk
00:09:43]} {[%emt 00:00:41]} Bg4 {[%clk 00:06:59]} {[%emt 00:01:39]} 13. h3
{[%clk 00:08:51]} {[%emt 00:00:57]} Bxf3 {[%clk 00:06:55]} {[%emt 00:00:08]} 14.
Bxf3 {[%clk 00:08:55]} {[%emt 00:00:02]} Nbd7 {[%clk 00:06:20]} {[%emt
00:00:40]} 15. Na4 {[%clk 00:08:38]} {[%emt 00:00:22]} Bf8 {[%clk 00:05:46]}
{[%emt 00:00:39]} 16. Bg4 {[%clk 00:07:40]} {[%emt 00:01:03]} g5 {[%clk
00:03:46]} {[%emt 00:02:05]} 17. Bxd7 {[%clk 00:07:30]} {[%emt 00:00:15]} Nxd7
{[%clk 00:03:46]} {[%emt 00:00:06]} 18. Rxd7 {[%clk 00:07:23]} {[%emt
00:00:11]} gxh4 {[%clk 00:03:45]} {[%emt 00:00:06]} 19. Rxb7 {[%clk 00:07:21]}
{[%emt 00:00:07]} Red8 {[%clk 00:03:26]} {[%emt 00:00:24]} 20. Rc7 {[%clk
00:06:22]} {[%emt 00:01:03]} Rd6 {[%clk 00:03:15]} {[%emt 00:00:17]} 21. Re1
{[%clk 00:05:09]} {[%emt 00:01:19]} a5 {[%clk 00:02:27]} {[%emt 00:00:53]} 22.
c5 {[%clk 00:05:02]} {[%emt 00:00:12]} Rd4 {[%clk 00:02:05]} {[%emt 00:00:26]}
23. b3 {[%clk 00:04:55]} {[%emt 00:00:13]} Ra6 {[%clk 00:01:35]} {[%emt
00:00:35]} 24. Re3 {[%clk 00:04:34]} {[%emt 00:00:24]} Rd1+ {[%clk 00:01:24]}
{[%emt 00:00:17]} 25. Kh2 {[%clk 00:04:38]} {[%emt 00:00:01]} Rc1 {[%clk
00:01:21]} {[%emt 00:00:09]} 26. Rf3 {[%clk 00:04:31]} {[%emt 00:00:11]} Bxc5
{[%clk 00:01:00]} {[%emt 00:00:26]} 27. Nxc5 {[%clk 00:04:30]} {[%emt
00:00:06]} Rxc5 {[%clk 00:01:04]} {[%emt 00:00:02]} 28. Rfxf7 {[%clk 00:04:32]}
{[%emt 00:00:03]} a4 {[%clk 00:00:50]} {[%emt 00:00:19]} 29. Rfd7 {[%clk
00:03:57]} {[%emt 00:00:37]} Ra8 {[%clk 00:00:55]} {[%emt 00:00:03]} 30. bxa4
{[%clk 00:04:00]} {[%emt 00:00:02]} Rc2 {[%clk 00:00:42]} {[%emt 00:00:18]} 31.
Rg7+ {[%clk 00:03:58]} {[%emt 00:00:06]} Kh8 {[%clk 00:00:39]} {[%emt
00:00:08]} 32. Rh7+ {[%clk 00:03:51]} {[%emt 00:00:12]} Kg8 {[%clk 00:00:43]}
33. Rxh6 {[%clk 00:02:50]} {[%emt 00:01:06]} Rxa4 {[%clk 00:00:38]} {[%emt
00:00:10]} 34. Rcxc6 {[%clk 00:02:19]} {[%emt 00:00:36]} Rxf2 {[%clk 00:00:31]}
{[%emt 00:00:13]} 35. Rxh4 {[%clk 00:02:17]} {[%emt 00:00:06]} Raxa2 {[%clk
00:00:32]} {[%emt 00:00:04]} 36. Rg4+ {[%clk 00:02:18]} {[%emt 00:00:04]} Kf7
{[%clk 00:00:35]} {[%emt 00:00:03]} 37. Rc7+ {[%clk 00:02:12]} {[%emt
00:00:10]} Kf6 {[%clk 00:00:33]} {[%emt 00:00:07]} 38. Rc8 {[%clk 00:02:01]}
{[%emt 00:00:16]} Ke7 {[%clk 00:00:28]} {[%emt 00:00:10]} 39. Rg7+ {[%clk
00:01:53]} {[%emt 00:00:13]} Kf6 {[%clk 00:00:18]} {[%emt 00:00:15]} 40. Rgg8
{[%clk 00:01:51]} {[%emt 00:00:07]} Ke6 {[%clk 00:00:17]} {[%emt 00:00:05]} 41.
Rce8+ {[%clk 00:01:47]} {[%emt 00:00:10]} Kd6 {[%clk 00:00:20]} {[%emt
00:00:03]} 42. Rd8+ {[%clk 00:01:49]} {[%emt 00:00:03]} Ke6 {[%clk 00:00:21]}
{[%emt 00:00:03]} 43. Rge8+ {[%clk 00:01:51]} {[%emt 00:00:03]} Kf6 {[%clk
00:00:25]} {[%emt 00:00:02]} 44. Rf8+ {[%clk 00:01:53]} {[%emt 00:00:03]} Ke6
{[%clk 00:00:27]} {[%emt 00:00:03]} 45. Rxf2 {[%clk 00:01:52]} {[%emt
00:00:05]} Rxf2 {[%clk 00:00:31]} {[%emt 00:00:01]} 46. Ra8 {[%clk 00:01:51]}
{[%emt 00:00:06]} Kd6 {[%clk 00:00:11]} {[%emt 00:00:25]} 47. Rd8+ {[%clk
00:01:39]} {[%emt 00:00:16]} Ke6 {[%clk 00:00:15]} {[%emt 00:00:02]} 48. Rg8
{[%clk 00:01:31]} {[%emt 00:00:12]} Kf6 {[%clk 00:00:15]} {[%emt 00:00:06]} 49.
Rf8+ {[%clk 00:01:34]} {[%emt 00:00:02]} 1-0

[Event "World Youth & Cadets Rapid Championships"]
[Site "Rhodes, Greece"]
[Date "2022.05.01"]
[Round "5.33"]
[White "Starosta, Martyna"]
[Black "Omonova, Umida"]
[Result "0-1"]
[TimeControl "10'/game & 5\"/move"]
[WhiteElo "1889"]
[BlackElo "1856"]

1. e4 {[%clk 00:10:09]} c5 {[%clk 00:10:09]} 2. Nf3 {[%clk 00:10:13]} {[%emt
00:00:01]} Nc6 {[%clk 00:10:14]} 3. d4 cxd4 {[%clk 00:10:18]} 4. Nxd4 {[%clk
00:10:21]} g6 {[%clk 00:10:22]} {[%emt 00:00:01]} 5. c4 {[%clk 00:10:08]}
{[%emt 00:00:18]} Nf6 {[%clk 00:10:25]} {[%emt 00:00:02]} 6. Nc3 {[%clk
00:10:12]} {[%emt 00:00:01]} d6 {[%clk 00:10:30]} 7. f3 {[%clk 00:10:05]}
{[%emt 00:00:12]} Nxd4 {[%clk 00:10:33]} {[%emt 00:00:01]} 8. Qxd4 {[%clk
00:10:08]} {[%emt 00:00:02]} Bg7 {[%clk 00:10:38]} {[%emt 00:00:01]} 9. Be3
{[%clk 00:10:10]} {[%emt 00:00:02]} O-O {[%clk 00:10:41]} {[%emt 00:00:02]} 10.
Qd2 {[%emt 00:00:15]} Be6 {[%emt 00:00:49]} 11. Rc1 {[%clk 00:09:33]} a5 {[%emt
00:00:36]} 12. Na4 {[%emt 00:00:15]} Nd7 {[%emt 00:00:17]} 13. Be2 {[%clk
00:08:58]} {[%emt 00:00:08]} Qc7 {[%emt 00:00:07]} 14. O-O {[%clk 00:08:47]}
{[%emt 00:00:09]} Nc5 {[%emt 00:00:03]} 15. Nxc5 {[%clk 00:08:33]} {[%emt
00:00:17]} dxc5 {[%clk 00:10:20]} 16. Kh1 {[%clk 00:08:16]} {[%emt 00:00:23]}
a4 {[%emt 00:00:48]} 17. Bf4 {[%clk 00:07:42]} Qb6 {[%emt 00:00:02]} 18. Rc2
{[%clk 00:07:24]} {[%emt 00:00:23]} Rfd8 {[%clk 00:10:15]} {[%emt 00:00:08]} 19.
Qc1 {[%clk 00:07:15]} {[%emt 00:00:14]} Rd7 {[%clk 00:09:56]} {[%emt 00:00:24]}
20. Be3 {[%emt 00:01:10]} Rad8 {[%clk 00:09:54]} {[%emt 00:00:02]} 21. f4
{[%emt 00:00:52]} f6 {[%emt 00:00:23]} 22. Qe1 {[%emt 00:01:01]} Bf7 {[%clk
00:08:57]} {[%emt 00:00:22]} 23. Qf2 {[%clk 00:04:40]} {[%emt 00:00:18]} Qc6
{[%emt 00:00:21]} 24. Bf3 {[%clk 00:04:03]} {[%emt 00:00:25]} Qa6 {[%emt
00:00:09]} 25. Rfc1 {[%clk 00:03:33]} {[%emt 00:00:32]} b6 {[%emt 00:00:07]} 26.
f5 {[%emt 00:00:26]} Qc8 {[%clk 00:08:51]} {[%emt 00:00:11]} 27. Bg4 {[%emt
00:00:31]} Rd6 {[%emt 00:00:49]} 28. h3 {[%clk 00:02:23]} {[%emt 00:00:16]} e6
{[%emt 00:00:46]} 29. Bf4 {[%clk 00:01:47]} {[%emt 00:00:04]} Rd4 {[%clk
00:07:51]} {[%emt 00:00:24]} 30. Be3 Rd3 {[%emt 00:00:41]} 31. Be2 {[%clk
00:01:24]} R3d6 {[%clk 00:07:45]} {[%emt 00:00:11]} 32. Bf4 {[%clk 00:01:22]}
{[%emt 00:00:07]} Rc6 {[%clk 00:07:23]} {[%emt 00:00:27]} 33. Bf3 {[%clk
00:01:22]} {[%emt 00:00:05]} e5 {[%clk 00:07:25]} {[%emt 00:00:03]} 34. Be3
{[%clk 00:01:20]} {[%emt 00:00:07]} Rcd6 {[%emt 00:00:13]} 35. Bg4 {[%clk
00:01:20]} {[%emt 00:00:03]} Qb7 {[%clk 00:07:08]} {[%emt 00:00:17]} 36. Bf3
{[%clk 00:01:13]} {[%emt 00:00:12]} Be8 {[%clk 00:07:10]} {[%emt 00:00:03]} 37.
Qg3 {[%clk 00:00:58]} {[%emt 00:00:20]} Rd3 {[%clk 00:06:52]} {[%emt 00:00:23]}
38. Re2 {[%clk 00:00:59]} {[%emt 00:00:03]} g5 {[%clk 00:06:51]} {[%emt
00:00:06]} 39. Ree1 {[%emt 00:00:17]} Bc6 {[%emt 00:00:36]} 40. Be2 {[%clk
00:00:23]} {[%emt 00:00:05]} R3d7 {[%clk 00:06:47]} {[%emt 00:00:01]} 41. Bf3
{[%emt 00:00:28]} Bxe4 {[%clk 00:06:07]} {[%emt 00:00:19]} 42. Bxe4 {[%clk
00:00:31]} {[%emt 00:00:01]} Qxe4 {[%clk 00:06:11]} 43. Bxc5 {[%clk 00:00:31]}
{[%emt 00:00:05]} Qc6 {[%clk 00:06:16]} {[%emt 00:00:01]} 44. Be3 {[%clk
00:00:32]} {[%emt 00:00:04]} Rd3 {[%clk 00:06:19]} {[%emt 00:00:01]} 45. Qf2
{[%clk 00:00:35]} {[%emt 00:00:03]} Bf8 {[%emt 00:00:38]} 46. Bxb6 {[%clk
00:00:28]} {[%emt 00:00:09]} Rd2 {[%clk 00:05:52]} 47. Qg1 {[%clk 00:00:24]}
{[%emt 00:00:09]} R8d3 {[%clk 00:05:56]} {[%emt 00:00:01]} 48. Be3 {[%clk
00:00:24]} {[%emt 00:00:05]} Rxb2 {[%clk 00:06:00]} {[%emt 00:00:01]} 49. a3
{[%clk 00:00:22]} {[%emt 00:00:08]} Bxa3 {[%emt 00:00:03]} 50. Rcd1 {[%clk
00:00:20]} {[%emt 00:00:06]} Qxc4 {[%clk 00:05:55]} {[%emt 00:00:13]} 51. Qf1
{[%clk 00:00:09]} {[%emt 00:00:16]} Rbb3 {[%clk 00:05:39]} {[%emt 00:00:23]} 52.
Bg1 Qd5 {[%emt 00:00:11]} 53. Rxd3 {[%clk 00:00:10]} Rxd3 {[%emt 00:00:02]} 54.
Kh2 {[%clk 00:00:11]} {[%emt 00:00:02]} e4 {[%clk 00:05:44]} {[%emt 00:00:05]}
55. Rb1 {[%clk 00:00:14]} {[%emt 00:00:02]} Bd6+ {[%emt 00:00:06]} 56. Kh1 e3
{[%emt 00:00:04]} 57. Bh2 {[%clk 00:00:11]} {[%emt 00:00:09]} Rb3 {[%clk
00:05:12]} {[%emt 00:00:33]} 58. Rd1 {[%clk 00:00:16]} Qe4 {[%clk 00:05:08]} 59.
Rxd6 Rb1 {[%emt 00:00:12]} 60. Rd8+ {[%clk 00:00:14]} 0-1

[Event "World Youth & Cadets Rapid Championships"]
[Site "Rhodes, Greece"]
[Date "2022.05.01"]
[Round "5.34"]
[White "Blokhin, Sofia"]
[Black "Siekanska, Maria"]
[Result "0-1"]
[TimeControl "10'/game & 5\"/move"]
[WhiteElo "1903"]
[BlackElo "1865"]

1. e4 {[%clk 00:10:08]} {[%emt 00:00:02]} c5 {[%clk 00:10:09]} {[%emt
00:00:01]} 2. Nf3 {[%clk 00:10:11]} {[%emt 00:00:01]} d6 {[%clk 00:10:13]}
{[%emt 00:00:01]} 3. d4 {[%clk 00:10:15]} {[%emt 00:00:02]} cxd4 {[%clk
00:10:17]} {[%emt 00:00:01]} 4. Nxd4 {[%clk 00:10:18]} {[%emt 00:00:02]} Nf6
{[%clk 00:10:20]} {[%emt 00:00:01]} 5. Nc3 {[%clk 00:10:20]} {[%emt 00:00:03]}
a6 {[%clk 00:10:24]} {[%emt 00:00:02]} 6. f3 {[%clk 00:10:22]} {[%emt
00:00:02]} e6 {[%clk 00:10:25]} {[%emt 00:00:03]} 7. Be3 {[%clk 00:10:23]}
{[%emt 00:00:03]} b5 {[%clk 00:10:29]} {[%emt 00:00:04]} 8. Qd2 {[%clk
00:10:00]} {[%emt 00:00:28]} Bb7 {[%clk 00:10:32]} {[%emt 00:00:02]} 9. O-O-O
{[%clk 00:09:47]} {[%emt 00:00:17]} Nbd7 {[%clk 00:10:35]} {[%emt 00:00:02]} 10.
g4 {[%clk 00:09:38]} {[%emt 00:00:14]} Nb6 {[%clk 00:10:32]} {[%emt 00:00:08]}
11. g5 {[%clk 00:09:28]} {[%emt 00:00:16]} Nfd7 {[%clk 00:10:35]} {[%emt
00:00:02]} 12. h4 {[%clk 00:09:05]} {[%emt 00:00:27]} Ne5 {[%clk 00:09:42]}
{[%emt 00:00:58]} 13. Qf2 {[%clk 00:08:35]} {[%emt 00:00:36]} Nec4 {[%clk
00:09:15]} {[%emt 00:00:32]} 14. h5 {[%clk 00:07:54]} {[%emt 00:00:46]} Nxe3
{[%clk 00:07:50]} {[%emt 00:01:30]} 15. Qxe3 {[%clk 00:07:56]} {[%emt
00:00:02]} Be7 {[%clk 00:07:45]} {[%emt 00:00:10]} 16. Rg1 {[%clk 00:07:26]}
{[%emt 00:00:36]} g6 {[%clk 00:05:37]} {[%emt 00:02:13]} 17. f4 {[%clk
00:06:56]} {[%emt 00:00:35]} gxh5 {[%clk 00:04:38]} {[%emt 00:01:03]} 18. f5
{[%clk 00:06:30]} {[%emt 00:00:31]} e5 {[%clk 00:04:28]} {[%emt 00:00:16]} 19.
Nf3 {[%clk 00:06:26]} {[%emt 00:00:09]} Qc7 {[%clk 00:03:58]} {[%emt 00:00:35]}
20. f6 {[%clk 00:05:59]} {[%emt 00:00:32]} Bf8 {[%clk 00:04:00]} {[%emt
00:00:03]} 21. Rh1 {[%clk 00:04:41]} {[%emt 00:01:23]} O-O-O {[%clk 00:03:41]}
{[%emt 00:00:24]} 22. Rxh5 {[%clk 00:03:29]} {[%emt 00:01:17]} d5 {[%clk
00:03:13]} {[%emt 00:00:33]} 23. Bh3+ {[%clk 00:03:04]} {[%emt 00:00:30]} Kb8
{[%clk 00:03:16]} {[%emt 00:00:02]} 24. exd5 {[%clk 00:02:57]} {[%emt
00:00:11]} b4 {[%clk 00:02:58]} {[%emt 00:00:24]} 25. Ne2 {[%clk 00:01:59]}
{[%emt 00:01:03]} Bd6 {[%clk 00:02:33]} {[%emt 00:00:31]} 26. Qb3 {[%clk
00:01:38]} {[%emt 00:00:26]} a5 {[%clk 00:02:25]} {[%emt 00:00:13]} 27. Qe3
{[%clk 00:01:20]} {[%emt 00:00:22]} Nxd5 {[%clk 00:02:19]} {[%emt 00:00:11]} 28.
Qf2 {[%clk 00:01:03]} {[%emt 00:00:22]} a4 {[%clk 00:01:49]} {[%emt 00:00:35]}
29. Kb1 {[%clk 00:01:02]} {[%emt 00:00:06]} Bc5 {[%clk 00:01:42]} {[%emt
00:00:12]} 30. Qg3 {[%clk 00:00:54]} {[%emt 00:00:12]} Nf4 {[%clk 00:01:45]}
{[%emt 00:00:03]} 31. Rxd8+ {[%clk 00:00:25]} {[%emt 00:00:34]} Rxd8 {[%clk
00:01:49]} 32. Qg4 {[%clk 00:00:19]} {[%emt 00:00:11]} Nxe2 {[%clk 00:01:42]}
{[%emt 00:00:12]} 33. a3 {[%clk 00:00:17]} {[%emt 00:00:08]} b3 {[%clk
00:01:38]} {[%emt 00:00:08]} 34. cxb3 {[%clk 00:00:07]} {[%emt 00:00:14]} axb3
{[%clk 00:01:42]} {[%emt 00:00:02]} 35. Nd4 {[%clk 00:00:08]} {[%emt 00:00:04]}
Nf4 {[%clk 00:01:23]} {[%emt 00:00:23]} 36. Rxh7 {[%clk 00:00:06]} {[%emt
00:00:07]} Rxd4 {[%clk 00:01:22]} {[%emt 00:00:06]} 37. Rh8+ {[%clk 00:00:09]}
{[%emt 00:00:02]} Ka7 {[%clk 00:01:27]} 0-1

[Event "World Youth & Cadets Rapid Championships"]
[Site "Rhodes, Greece"]
[Date "2022.05.01"]
[Round "5.35"]
[White "Aydin, Gulenay"]
[Black "Sala, Giulia"]
[Result "1-0"]
[TimeControl "10'/game & 5\"/move"]
[WhiteElo "2143"]
[BlackElo "1889"]

1. e4 {[%clk 00:10:08]} {[%emt 00:00:01]} e5 {[%clk 00:10:10]} {[%emt
00:00:01]} 2. Nf3 {[%clk 00:10:01]} {[%emt 00:00:12]} Nc6 {[%clk 00:10:14]}
{[%emt 00:00:01]} 3. Nc3 {[%clk 00:09:58]} {[%emt 00:00:08]} Nf6 {[%clk
00:10:18]} {[%emt 00:00:01]} 4. Bb5 {[%clk 00:10:02]} {[%emt 00:00:02]} Bb4
{[%clk 00:10:21]} {[%emt 00:00:01]} 5. O-O {[%clk 00:10:05]} {[%emt 00:00:02]}
d6 {[%clk 00:09:58]} {[%emt 00:00:28]} 6. Nd5 {[%emt 00:00:56]} Bc5 {[%clk
00:09:16]} {[%emt 00:00:45]} 7. d4 {[%clk 00:08:02]} {[%emt 00:01:18]} Bxd4
{[%clk 00:08:14]} {[%emt 00:01:07]} 8. Nxd4 {[%clk 00:07:43]} {[%emt 00:00:24]}
exd4 {[%clk 00:08:18]} {[%emt 00:00:01]} 9. Bg5 {[%clk 00:07:47]} {[%emt
00:00:02]} Bd7 {[%clk 00:07:16]} {[%emt 00:01:07]} 10. Bxc6 {[%clk 00:06:53]}
{[%emt 00:00:59]} bxc6 {[%clk 00:06:59]} {[%emt 00:00:22]} 11. Nxf6+ {[%clk
00:06:51]} {[%emt 00:00:06]} gxf6 {[%clk 00:07:00]} {[%emt 00:00:05]} 12. Bh4
{[%clk 00:06:52]} {[%emt 00:00:04]} Rg8 {[%clk 00:05:32]} {[%emt 00:01:33]} 13.
Qxd4 {[%clk 00:06:42]} {[%emt 00:00:15]} Bh3 {[%clk 00:05:10]} {[%emt
00:00:26]} 14. Bg3 {[%clk 00:06:00]} {[%emt 00:00:47]} Be6 {[%clk 00:05:14]}
{[%emt 00:00:02]} 15. c4 {[%clk 00:05:41]} {[%emt 00:00:24]} Qe7 {[%clk
00:04:54]} {[%emt 00:00:25]} 16. b4 {[%clk 00:05:31]} {[%emt 00:00:15]} Kf8
{[%clk 00:04:01]} {[%emt 00:00:58]} 17. c5 {[%clk 00:04:11]} {[%emt 00:01:25]}
d5 {[%clk 00:03:18]} {[%emt 00:00:48]} 18. exd5 {[%clk 00:04:14]} {[%emt
00:00:02]} cxd5 {[%clk 00:03:00]} {[%emt 00:00:23]} 19. Qf4 {[%clk 00:04:17]}
{[%emt 00:00:02]} Rg4 {[%clk 00:02:52]} {[%emt 00:00:12]} 20. Qxc7 {[%clk
00:03:26]} {[%emt 00:00:58]} Qxc7 {[%clk 00:02:56]} 21. Bxc7 {[%clk 00:03:29]}
{[%emt 00:00:01]} Rxb4 {[%clk 00:02:59]} {[%emt 00:00:01]} 22. Rfb1 {[%clk
00:03:04]} {[%emt 00:00:31]} Rxb1+ {[%clk 00:01:50]} {[%emt 00:01:15]} 23. Rxb1
{[%clk 00:03:08]} Ke8 {[%clk 00:01:44]} {[%emt 00:00:10]} 24. Rb7 {[%clk
00:01:00]} {[%emt 00:02:13]} Bc8 {[%clk 00:00:58]} {[%emt 00:00:51]} 25. c6
{[%clk 00:00:27]} {[%emt 00:00:38]} d4 {[%clk 00:00:12]} {[%emt 00:00:50]} 26.
Bd6 {[%clk 00:00:27]} {[%emt 00:00:05]} Be6 {[%clk 00:00:12]} {[%emt 00:00:06]}
27. Re7+ {[%clk 00:00:21]} {[%emt 00:00:11]} Kd8 {[%clk 00:00:15]} {[%emt
00:00:02]} 28. c7+ {[%clk 00:00:25]} {[%emt 00:00:01]} Kc8 {[%clk 00:00:20]} 29.
Re8+ {[%clk 00:00:29]} {[%emt 00:00:01]} Kb7 {[%clk 00:00:24]} 30. Rb8+ {[%clk
00:00:33]} 1-0

[Event "World Youth & Cadets Rapid Championships"]
[Site "Rhodes, Greece"]
[Date "2022.05.01"]
[Round "5.36"]
[White "Nel, Hayley"]
[Black "Mihelic, Vesna"]
[Result "0-1"]
[TimeControl "10'/game & 5\"/move"]
[WhiteElo "1206"]
[BlackElo "1924"]

1. c4 {[%clk 00:10:08]} {[%emt 00:00:02]} e6 {[%clk 00:10:09]} {[%emt
00:00:01]} 2. Nc3 {[%clk 00:10:10]} {[%emt 00:00:04]} d5 {[%clk 00:10:12]}
{[%emt 00:00:01]} 3. cxd5 {[%clk 00:10:12]} {[%emt 00:00:03]} exd5 {[%emt
00:00:03]} 4. d4 {[%clk 00:10:15]} Nf6 {[%clk 00:10:19]} {[%emt 00:00:02]} 5.
Bg5 {[%clk 00:10:05]} {[%emt 00:00:14]} Nbd7 {[%clk 00:10:22]} {[%emt
00:00:02]} 6. g3 {[%clk 00:09:53]} {[%emt 00:00:17]} Be7 {[%clk 00:10:16]}
{[%emt 00:00:12]} 7. Bg2 {[%clk 00:09:50]} {[%emt 00:00:07]} c6 {[%clk
00:10:18]} {[%emt 00:00:03]} 8. Nf3 {[%clk 00:09:39]} {[%emt 00:00:16]} h6
{[%clk 00:10:18]} {[%emt 00:00:05]} 9. Bxf6 {[%clk 00:09:33]} {[%emt 00:00:11]}
Bxf6 {[%clk 00:10:08]} {[%emt 00:00:15]} 10. O-O {[%clk 00:09:30]} {[%emt
00:00:08]} O-O {[%clk 00:10:10]} {[%emt 00:00:03]} 11. e3 {[%clk 00:09:28]}
{[%emt 00:00:07]} Nb6 {[%clk 00:09:50]} {[%emt 00:00:25]} 12. Qc2 {[%clk
00:09:21]} {[%emt 00:00:12]} Re8 {[%clk 00:09:24]} {[%emt 00:00:31]} 13. b4
{[%clk 00:08:55]} {[%emt 00:00:30]} Nc4 {[%clk 00:09:16]} {[%emt 00:00:14]} 14.
Nd2 {[%clk 00:08:53]} {[%emt 00:00:07]} b5 {[%clk 00:09:10]} {[%emt 00:00:11]}
15. a4 {[%clk 00:08:24]} {[%emt 00:00:34]} Ba6 {[%clk 00:07:11]} {[%emt
00:02:05]} 16. axb5 {[%clk 00:07:23]} {[%emt 00:01:06]} Bxb5 {[%clk 00:07:14]}
{[%emt 00:00:01]} 17. Nxb5 {[%clk 00:07:26]} {[%emt 00:00:02]} cxb5 {[%clk
00:07:18]} {[%emt 00:00:01]} 18. Nxc4 {[%clk 00:06:06]} {[%emt 00:01:25]} bxc4
{[%clk 00:07:21]} {[%emt 00:00:02]} 19. Ra5 {[%clk 00:06:04]} {[%emt 00:00:07]}
Qb6 {[%clk 00:06:38]} {[%emt 00:00:49]} 20. Rb1 {[%clk 00:05:21]} {[%emt
00:00:48]} Rac8 {[%clk 00:04:48]} {[%emt 00:01:54]} 21. Bxd5 {[%clk 00:04:56]}
{[%emt 00:00:30]} Be7 {[%clk 00:04:38]} {[%emt 00:00:14]} 22. Qf5 {[%clk
00:04:21]} {[%emt 00:00:40]} Rf8 {[%clk 00:04:31]} {[%emt 00:00:13]} 23. Bxf7+
{[%clk 00:03:48]} {[%emt 00:00:38]} Kh8 {[%clk 00:04:35]} {[%emt 00:00:01]} 24.
Qe6 {[%clk 00:03:47]} {[%emt 00:00:06]} Qc7 {[%clk 00:04:12]} {[%emt 00:00:27]}
25. Bh5 {[%clk 00:03:05]} {[%emt 00:00:47]} c3 {[%clk 00:03:47]} {[%emt
00:00:31]} 26. Ra4 {[%clk 00:01:37]} {[%emt 00:01:33]} Rf6 {[%clk 00:01:57]}
{[%emt 00:01:55]} 27. Qe5 {[%clk 00:01:27]} {[%emt 00:00:13]} c2 {[%clk
00:01:46]} {[%emt 00:00:19]} 28. Qxc7 {[%clk 00:01:19]} {[%emt 00:00:12]}
cxb1=Q+ {[%clk 00:01:47]} {[%emt 00:00:04]} 29. Kg2 {[%clk 00:01:19]} {[%emt
00:00:05]} Rxc7 {[%clk 00:01:49]} {[%emt 00:00:03]} 30. h4 {[%clk 00:01:05]}
{[%emt 00:00:20]} Qe4+ {[%clk 00:01:50]} {[%emt 00:00:03]} 31. f3 {[%clk
00:00:52]} {[%emt 00:00:18]} Qc2+ {[%clk 00:01:53]} {[%emt 00:00:03]} 32. Kh3
{[%clk 00:00:52]} {[%emt 00:00:05]} Qxa4 {[%clk 00:01:55]} {[%emt 00:00:02]} 33.
Bg4 {[%clk 00:00:40]} {[%emt 00:00:17]} Qd1 {[%clk 00:01:50]} {[%emt 00:00:09]}
34. Kg2 {[%clk 00:00:36]} {[%emt 00:00:10]} Rc2+ {[%clk 00:01:53]} {[%emt
00:00:03]} 35. Kh3 {[%clk 00:00:38]} {[%emt 00:00:02]} Qh1# {[%clk 00:01:55]}
{[%emt 00:00:02]} 0-1